000 00515nam a2200193Ia 4500
005 20250326145201.0
008 250326s9999 xx 000 0 und d
037 _aTextbook
040 _aFMSL
_beng
_cFMSL
041 _aeng
_2eng
084 _aX:8 Q0
_qFMSL
100 _aDavenport T O
_9750796
245 0 _aManager redefined
_cDavenport T O; Harding S D
260 _aNY
_bNY, Jossey-Bass
_c2010
365 _b1579.74
650 _aManagement
942 _cTB
_hX:8 Q0
999 _c1306668
_d1306668